000
00310nam a22001337a 4500
003
LK-CoDNM
005
20240821123241.0
008
240821b |||||||| |||| 00| 0 eng d
040
_a
LK-CoDNM
_d
LK-CoDNM
_e
LK-CoDNM
080
_a
7
_b
J37
245
_a
GEORAPHICAL INDEX
300
_a
216P . 28 CM
942
_c
BK
999
_c
148670
_d
148670